Generäle des Zweiten Weltkriegs - Sudden Death - Statistiken

Allgemein
  • Dieses Quiz wurde 313 mal gespielt
    284 seit der letzten Aktualisierung
  • Das Durchschnittsergebnis liegt bei 7 aus 15
Answers on the Grid
Answers color-coded by a green-red scale on the quiz's grid according to % correct below.
Aleksandr Vasilevsky
Alexander der Große
Arthur Wellesley
Bernard Montgomery
Charles De Gaulle
Giovanni Messe
Douglas MacArthur
Dwight Eisenhower
Erich von Manstein
Erwin Rommel
Ferdinand Foch
Friedrich der Große
Genghis Khan
George Patton
George Washington
Georgy Zhukov
Gustaf Mannerheim
Heinz Guderian
Joseph Joffre
Josip Broz Tito
Khalid ibn al-Walid
Konstantin Rokossovsky
Manfred von Richthofen
Mustafa Kemal
Napoleon
Nelson
Oliver Cromwell
Omar Bradley
Ulysses S. Grant
William Tecumseh Sherman
 
Antwortstatistiken
Antwort % Korrekt
Erwin Rommel
80%
Dwight Eisenhower
71%
Charles De Gaulle
69%
Bernard Montgomery
62%
Douglas MacArthur
59%
Erich von Manstein
56%
Georgy Zhukov
47%
George Patton
43%
Heinz Guderian
41%
Aleksandr Vasilevsky
39%
Josip Broz Tito
33%
Gustaf Mannerheim
30%
Konstantin Rokossovsky
29%
Omar Bradley
25%
Giovanni Messe
20%
Keine übereinstimmenden Quizze gefunden
Verteilung der Resultate
Anzahl Personen mit jedem Resultat
Perzentil nach korrekt beantworteten Fragen
Ihre Resultats-Entwicklung
Sie haben dieses Quiz seit der letzten Aktualisierung nicht gespielt